Random Russian Words #1 - Statistics

General Stats
  • This quiz has been taken 652 times
  • The average score is 11 of 21
Answer Stats
Russian English % Correct
Хлеб Bread
86%
Кот Cat
80%
Дельфин Dolphin
77%
Роза Rose
75%
Любовь Love
70%
Окно Window
66%
Зима Winter
64%
Море Sea
63%
Волк Wolf
63%
Империя Empire
59%
Солнце Sun
59%
Ёж Hedgehog
54%
Арбуз Watermelon
47%
Виноград Grape
46%
Облако Cloud
40%
Капуста Cabbage
38%
Акула Shark
38%
Чеснок Garlic
31%
Зонт Umbrella
29%
Игла Needle
25%
Щетка Brush
19%
No matching quizzes found
Score Distribution
Percent of People with Each Score
Percentile by Number Answered
Your Score History
You have not taken this quiz